00282nam a2200109Ia 4500008004100000100002400041245002600065260004300091650001400134942000700148999001700155190216s9999||||xx |||||||||||||| ||und|| aRaja Raja Varma A R 0aMalayala Shakunthalam bSahithya Pravarthaka Sahakarana Sangam aKavithkal cBK c24351d24351